000 00887nam a2200217 i 4500
001 189098
003 SpMaBN
005 20250804062635.0
008 190329s1877 sp |||| | spa d
080 _a821.134.2-31"18"
100 1 _aPérez Galdós, Benito,
_d1843-1920
_990871
245 1 0 _aGloria.
_nSegunda parte /
_cpor B. Pérez y Galdós.
260 _aMadrid :
_bImp. de José María Pérez,
_c1877 (
_fAdm. de La Guirnalda y Episodios Nacionales)
300 _a1 v. (375 p.) ;
_c17 cm.
490 1 _aNovelas españolas contemporáneas
530 _aDisponible en formato digital.
830 0 _aNovelas españolas contemporáneas
_9186439
852 _aES-MaACL
_jL-32266
_z. - Donat. herederos de la bibl. de Mª del Pilar Costa Palacín
856 _uhttp://bdh-rd.bne.es/viewer.vm?id=0000226990&page=1
_zBiblioteca Digital Hispánica
_z(2 v.)
999 _c189098
_d189098